Loading...
| Literature - British | 1 | 6 | 0 | 0 | 75 | 69 | 110.14 | 5 | 7 | 0.00 | 0.00 |
| Science - Chemistry | 0 | 6 | 0 | 0 | 60 | 90 | 113.50 | 5 | 6 | 0.00 | 0.00 |
| Literature - World | 1 | 5 | 1 | 0 | 60 | 46 | 90.33 | 5 | 6 | 0.00 | 0.00 |
| Science - Physics | 1 | 3 | 0 | 0 | 45 | 63 | 80.00 | 4 | 4 | 0.00 | 0.00 |
| Literature - European | 0 | 5 | 2 | 1 | 40 | 100 | 120.80 | 0 | 5 | 0.00 | 0.00 |
| History - Other | 2 | 1 | 0 | 0 | 40 | 38 | 83.00 | 3 | 3 | 0.00 | 0.00 |
| Fine Arts - Other | 2 | 1 | 0 | 0 | 40 | 66 | 85.33 | 3 | 3 | 0.00 | 0.00 |
| History - American | 1 | 1 | 0 | 0 | 25 | 63 | 76.50 | 2 | 2 | 0.00 | 0.00 |
| History - World | 1 | 1 | 0 | 0 | 25 | 45 | 81.50 | 2 | 2 | 0.00 | 0.00 |
| Fine Arts - Visual | 2 | 0 | 1 | 0 | 25 | 51 | 52.00 | 2 | 2 | 0.00 | 0.00 |
| Social Science | 0 | 2 | 0 | 0 | 20 | 61 | 69.00 | 1 | 2 | 0.00 | 0.00 |
| Fine Arts - Auditory | 0 | 2 | 0 | 0 | 20 | 120 | 130.50 | 2 | 2 | 0.00 | 0.00 |
| Mythology | 0 | 2 | 0 | 0 | 20 | 111 | 122.50 | 2 | 2 | 0.00 | 0.00 |
| Science - Biology | 0 | 2 | 0 | 0 | 20 | 126 | 127.50 | 0 | 2 | 0.00 | 0.00 |
| Philosophy | 1 | 0 | 0 | 0 | 15 | 50 | 50.00 | 1 | 1 | 0.00 | 0.00 |
| Pop Culture | 0 | 1 | 0 | 1 | 10 | 134 | 134.00 | 0 | 1 | 0.00 | 0.00 |
| Current Events | 0 | 1 | 0 | 0 | 10 | 92 | 92.00 | 0 | 1 | 0.00 | 0.00 |
| Literature - American | 0 | 1 | 0 | 0 | 10 | 118 | 118.00 | 1 | 1 | 0.00 | 0.00 |
| History - European | 0 | 1 | 2 | 0 | 0 | 132 | 132.00 | 1 | 1 | 0.00 | 0.00 |